Subdivision capitals closest to Pardubice (CZ) - Statistics

General Stats
  • This quiz has been taken 12 times
  • The average score is 13 of 20
Answer Stats
Distance (km) Answer % Correct
5 111 Brno
100%
14 183 Dresden
100%
3 96 Liberec
100%
13 181 Ostrava
100%
4 97 Praha
100%
8 149 Wrocław
100%
20 221 Linz
75%
17 207 Wien
75%
9 151 České Budějovice
50%
1 20 Hradec Králové
50%
2 73 Jihlava
50%
18 208 Karlovy Vary
50%
6 117 Olomouc
50%
11 168 Opole
50%
12 175 Plzeň
50%
16 207 Trenčín
50%
7 141 Ústí nad Labem
50%
10 163 Zlín
50%
15 204 Sankt Pölten
25%
19 212 Zielona Góra
25%
No matching quizzes found
Score Distribution
Percent of People with Each Score
Percentile by Number Answered
Your Score History
You have not taken this quiz